Państwa w języku angielskim - Statystyki

Ogólne statystyki
  • Ten quiz został rozwiązany 1 125 razy
  • Średni wynik to 17 z 18
Statystyki odpowiedzi
Angielski Polskie % Poprawnych
Spain Hiszpania
100%
Russia Rosja
100%
France Francja
99%
Colombia Kolumbia
99%
Italy Włochy
99%
Germany Niemcy
98%
Switzerland Szwajcaria
98%
Turkey Turcja
98%
North Korea Korea Północna
97%
Slovakia Słowacja
97%
United States Stany Zjednoczone
97%
Belarus Białoruś
96%
Lithuania Litwa
96%
Tunisia Tunezja
96%
Hungary Węgry
93%
Guinea Gwinea
92%
Georgia Gruzja
90%
Equatorial Guinea Gwinea Równikowa
73%
Nie znaleziono quizów pasujących do podanych kryteriów
Rozkład punktacji
Procent ludzi z każdym wynikiem
Percentyl według liczby udzielonych odpowiedzi
Twoja historia wyników
Nie rozwiązałeś tego quizu